01253cam a2200265 a 45000010009000000050017000090080041000260100017000670200022000840350022001060400013001280420010001410430012001510820022001631000029001852450063002142500011002772600067002883000039003554400006003945040041004005050422004416500095008637000029009581236983320220326193311.0010316s1999 uy a b 000 0 spa  a 2001286514 a9974100526 (v. 1) a(DLC) 2001286514 aDLCcDLC alcode as-uy--- a700.989.1bP393h11 aPeluffo Linari, Gabriel.10aHistoria de la pintura uruguaya /cGabriel Peluffo Linari. a2a ed. aMontevideo, Uruguay :bEdiciones de la Banda Oriental,cc1999. a2 v. :bill. (some col.) ;c27 cm. v1 aIncludes bibliographical references.0 at. 1. El imaginario nacional-regional (1830-1930). De Blanes a Figari -- t. 2. Representaciones de la modernidad (1930-1960).tPrefaciotLa pintura en los origenes de la nacionalidad tLa pintura nacional a fines del siglo XIX tEl modernismo tUniversalismo y nativismo en la decada del veinte tPintura, Enseñanza y critica en los años veinte tPedro Figari y el nativismo Rioplatense tTextos complementarios  0aPainting, Uruguayan.vArte Uruguayo yArte - Historia de la pintura (1830 - 1930)zUruguay aPeluffo Linari, Gabriel.